000 00505 a2200181 4500
041 _aEnglish
082 _aCD5665
100 _aRana, Lok Prasad
245 _aTechniques used by primary level English teachers in teaching vocabulary.
260 _aKathmandu
_c2067
502 _aDissertation
_bDegree in Education
_cT.U.
_d2067
650 _aTeaching vocabulary
650 _aPronunciation
650 _aSpelling
650 _aLearning vocabulary
653 _aEnglish language
942 _2ddc
_cVM
999 _c61942
_d61930